[Event "ch-USA Seniors 2024"]
[Site "Saint Louis USA"]
[Date "2024.07.25"]
[Round "9.2"]
[White "Akopian, Vladimir"]
[Black "Benjamin, Joel"]
[Result "1/2-1/2"]
[WhiteTitle "GM"]
[BlackTitle "GM"]
[WhiteElo "2583"]
[BlackElo "2490"]
[WhiteFideId "13300032"]
[BlackFideId "2000091"]
[EventDate "2024.07.16"]

1. Nf3 Nf6 2. c4 g6 3. g3 Bg7 4. Bg2 O-O 5. O-O c6 6. d4 d6 7. Nc3 Bf5 8. b3 Ne4
9. Bb2 Nxc3 10. Bxc3 Be4 11. Rc1 d5 12. Nd2 Bxg2 13. Kxg2 Nd7 14. e4 dxe4 15.
Nxe4 Nf6 16. Nxf6+ Bxf6 17. d5 Qd6 18. dxc6 Qxc6+ 19. Qf3 Bxc3 20. Qxc6 bxc6 21.
Rxc3 Rfd8 22. Re1 e6 23. Re5 a5 24. Rc5 Ra6 25. a3 Kf8 26. b4 axb4 27. axb4 Rb6
28. b5 cxb5 29. cxb5 Ke7 30. g4 Rd5 31. Rc7+ Rd7 32. Rxd7+ Kxd7 33. Rb3 f5 34.
gxf5 gxf5 35. Kg3 e5 36. Kh4 Rh6+ 37. Kg5 Rxh2 38. b6 Kc8 39. Kxf5 Rxf2+ 40.
Kxe5 Kb7 41. Rh3 Kxb6 42. Rxh7 Re2+ 43. Kf5 Rf2+ 44. Ke5 Re2+ 45. Kf5 Rf2+ 46.
Ke5 Re2+ 1/2-1/2

[Event "ch-USA Seniors 2024"]
[Site "Saint Louis USA"]
[Date "2024.07.25"]
[Round "9.3"]
[White "Christiansen, Larry"]
[Black "Root, Douglas"]
[Result "1/2-1/2"]
[WhiteTitle "GM"]
[BlackTitle "IM"]
[WhiteElo "2579"]
[BlackElo "2463"]
[WhiteFideId "2000059"]
[BlackFideId "2000490"]
[EventDate "2024.07.16"]

1. e4 Nc6 2. d4 d5 3. Nc3 dxe4 4. d5 Nb8 5. Bf4 Nf6 6. f3 e6 7. dxe6 Qxd1+ 8.
Rxd1 Bxe6 9. Bxc7 Nbd7 10. Bb5 Bb4 11. Ne2 exf3 12. gxf3 Rc8 13. Bd6 Bxd6 14.
Rxd6 Ke7 15. Rd4 Ne5 16. Kf2 a6 17. Ba4 Nc4 18. Bb3 b5 19. Bxc4 Rxc4 20. Rxc4
Bxc4 21. Nd4 Rc8 22. Nf5+ Kf8 23. a3 Be6 24. Nd4 Bd7 25. Re1 Rc5 26. h4 Rh5 27.
Kg3 Rc5 28. Kf2 Rh5 29. Kg3 Rc5 30. Kf2 Rh5 1/2-1/2

[Event "ch-USA Seniors 2024"]
[Site "Saint Louis USA"]
[Date "2024.07.25"]
[Round "9.4"]
[White "Kraai, Jesse"]
[Black "Becerra Rivero, Julio"]
[Result "1-0"]
[WhiteTitle "GM"]
[BlackTitle "GM"]
[WhiteElo "2356"]
[BlackElo "2419"]
[WhiteFideId "2002035"]
[BlackFideId "3501728"]
[EventDate "2024.07.16"]

1. d4 Nf6 2. Nf3 g6 3. c4 Bg7 4. Nc3 d6 5. e4 O-O 6. h3 e5 7. d5 a5 8. g4 Na6 9.
Be3 Nd7 10. h4 Ndc5 11. Rg1 Bd7 12. h5 c6 13. Nd2 a4 14. a3 cxd5 15. exd5 f5 16.
hxg6 hxg6 17. Qc2 e4 18. O-O-O Qf6 19. Kb1 Rac8 20. Be2 Rfe8 21. gxf5 Bxf5 22.
Bg4 Nd3 23. Bxf5 gxf5 24. Nb5 Nc7 25. Bd4 Ne5 26. Qxa4 Nxb5 27. Qxb5 Re7 28. f4
exf3 29. Nxf3 f4 30. Bxe5 dxe5 31. d6 Re6 32. Qd7 Rce8 33. Rxg7+ Qxg7 34. Rg1
Qxg1+ 35. Nxg1 e4 36. Nh3 f3 37. Ng5 1-0

[Event "ch-USA Seniors 2024"]
[Site "Saint Louis USA"]
[Date "2024.07.25"]
[Round "9.5"]
[White "Novikov, Igor"]
[Black "Shabalov, Alexander"]
[Result "1/2-1/2"]
[WhiteTitle "GM"]
[BlackTitle "GM"]
[WhiteElo "2509"]
[BlackElo "2460"]
[WhiteFideId "14100037"]
[BlackFideId "2008572"]
[EventDate "2024.07.16"]

1. d4 d5 2. c4 c6 3. Nf3 Nf6 4. Nc3 e6 5. Bg5 Nbd7 6. e3 Qa5 7. Nd2 dxc4 8. Bxf6
Nxf6 9. Nxc4 Qc7 10. Be2 Be7 11. O-O O-O 12. a3 Rd8 13. Qc2 Bd7 14. b4 Be8 15.
Rac1 Rac8 16. Rfd1 Nd5 17. Ne4 Qb8 18. Nc5 b6 19. Nd3 c5 20. bxc5 bxc5 21. Rb1
Qc7 22. Nxc5 Bxc5 23. dxc5 Qxc5 24. Qb2 Qc7 25. Bf1 Rb8 26. Qe5 Qxe5 27. Nxe5
Rxb1 28. Rxb1 Nb6 29. Nc4 Nxc4 30. Bxc4 Kf8 31. h4 Bc6 32. Rc1 Bb7 33. Be2 Ke7
34. Kf1 Rc8 35. Rxc8 Bxc8 36. Ke1 Kd6 37. Kd2 Kc5 38. Kc3 e5 39. g3 f6 40. Bc4
h6 41. f4 Bd7 42. fxe5 fxe5 43. Bf7 Bg4 44. Bc4 Bd7 45. Bf7 Bg4 46. Bc4 Bd7 47.
Bf7 1/2-1/2